000 00917nam a2200253Ia 4500
003 OSt
005 20221005113147.0
006 a|||||r|||| 00| 0
007 ta
008 221004b |||||||| |||| 00| 0 pan d
020 _a8175990007 (hbk)
_c160
024 _a3844
037 _b700, 21/01/2013, Bright Book Service
_cTextual
040 _aCRL
_cCRL
_bpan
041 _2pan
_apan
082 _aO153,6x, N6
100 _aਹੇਅਰ, ਤਾਰਾ ਸਿੰਘ
245 0 _aਨਵੇ੍ਵ ਦਿਸਹੱਦੇ
_b ਸੰਪਾਦਕੀ ਲੇਖ 1987-88
260 _aਨਵੀ੍ਵ
_bਦਿੱਲੀ ਨਵਯੁਗ ਪਬਲਿFਰਗ਼ ਭਾਰਤ
_c1996
300 _a251ਪੰ
_ccm.
650 _aਪੰਜਾਬੀ ਸਾਹਿਤ
942 _hO153,6x, N6
_cTEXL
_2cc
999 _c1027240
_d1027240